000
00278nam a2200097Ia 4500
008
160114s9999 xx 000 0 und d
020
_a
9789712909788
050
_b
P645 2010
245
_a
Pinagaling ang Ketong ni Naaman /
260
_a
Philippines :
_b
Philippine Bible Society
_c
2010
999
_c
290404
_d
290404